| 000 | 00787cab a2200241 4500 | ||
|---|---|---|---|
| 001 | WB2815-26 | ||
| 008 | 090401t1992 xxu||||| |||| 00| 0 eng d | ||
| 035 | _a(Sirsi) u73204 | ||
| 041 | _aeng | ||
| 245 | _aHousing win for Bangladeshis | ||
| 260 | _c1992 | ||
| 350 | _a0 | ||
| 490 |
_aGuardian _v10 April 1992, 11 |
||
| 490 |
_aIndependent _v10 April 1992, 9 & 31(2) |
||
| 520 | _aIn "Tower Hamlets LBC v Ali" (CA 2 April 1992), the local authority was told it was illegal to refuse temporary housing to foreigners with no `recourse to public funds`, thus reversing council policy. | ||
| 650 | _aCOUNCIL HOUSING | ||
| 650 | _aHOMELESSNESS | ||
| 650 | _aHOUSING GUIDELINES | ||
| 650 | _aIMMIGRANTS | ||
| 690 |
_aBlock management _96220 |
||
| 942 | _n0 | ||
| 948 | _c04/03/1997 | ||
| 999 |
_c46297 _d46297 |
||